Journal of monetary economics (Record no. 18989)
[ view plain ]
| 000 -LEADER | |
|---|---|
| fixed length control field | 00230nam a22000977a 4500 |
| 008 - FIXED-LENGTH DATA ELEMENTS--GENERAL INFORMATION | |
| fixed length control field | 210622b xxu||||| |||| 00| 0 eng d |
| 020 ## - INTERNATIONAL STANDARD BOOK NUMBER | |
| International Standard Book Number | 03043932 |
| 245 ## - TITLE STATEMENT | |
| Title | Journal of monetary economics |
| 300 ## - PHYSICAL DESCRIPTION | |
| Extent | 1200-1358 |
| 942 ## - ADDED ENTRY ELEMENTS (KOHA) | |
| Source of classification or shelving scheme | Library of Congress Classification |
| Koha item type | General Collection |
| Withdrawn status | Lost status | Source of classification or shelving scheme | Not for loan | Home library | Current library | Date acquired | Total Checkouts | Barcode | Date last seen | Date last checked out | Price effective from | Koha item type |
|---|---|---|---|---|---|---|---|---|---|---|---|---|
| Library of Congress Classification | Kabarak, Main Campus | Kabarak, Main Campus | 22/06/2021 | 1 | 030864 | 24/06/2021 | 22/06/2021 | 22/06/2021 | General Collection |